[Event "Online Olym Div3 C"]
[Site "Chess.com INT"]
[Date "2020.08.08"]
[Round "4.2"]
[White "Al Fayyadh, Yamama Asif Abdula"]
[Black "Sivarajasingam, Shayanna"]
[Result "0-1"]
[WhiteElo "1595"]
[BlackElo "1818"]
[PlyCount "102"]
[EventDate "2020.08.07"]
[EventType "team-tourn (rapid)"]
[EventRounds "9"]
[EventCountry "USA"]
[SourceTitle "CBM 198"]
[Source "ChessBase"]
[SourceDate "2020.10.31"]
[SourceVersion "1"]
[SourceVersionDate "2020.10.31"]
[SourceQuality "1"]
[WhiteTeam "Iraq"]
[BlackTeam "Wales"]
[WhiteTeamCountry "IRQ"]
[BlackTeamCountry "WLS"]

1. e4 e6 2. d3 d5 3. Nd2 dxe4 4. dxe4 Nc6 5. Ngf3 Bc5 6. Bb5 Bd7 7. 0-0 Nf6 8. Qe2 Qe7 9. Nb3 Bb6 10. Bg5 e5 11. a4 a6 12. Bc4 0-0 13. c3 Rfe8 14. Nbd2 Be6 15. Bd3 Bg4 16. h3 Bh5 17. g4 Bg6 18. Rfe1 Nb8 19. Nf1 Nbd7 20. Ng3 Qe6 21. Nf5 Bxf5 22. exf5 Qc6 23. Be4 Nxe4 24. Qxe4 Qxe4 25. Rxe4 f6 26. Bh4 Nc5 27. Ree1 Rad8 28. Rad1 Nxa4 29. Rxd8 Rxd8 30. Re2 Rd1+ 31. Kg2 Rb1 32. Nd2 Rxb2 33. Kf3 Nxc3 34. Re1 Rxd2 35. Rc1 Nd5 36. Bg3 a5 37. Re1 a4 38. g5 a3 39. gxf6 gxf6 40. Ke4 a2 41. f4 Rb2 42. Ra1 Nc3+ 43. Kd3 Rb1 44. Rxa2 Nxa2 45. fxe5 fxe5 46. Bxe5 Rh1 47. Ke4 Rxh3 48. Kd5 Kf7 49. Bh8 Nb4+ 50. Ke5 Nc6+ 51. Ke4 Ne7 0-1

[Event "Wales-chT 1920"]
[Site "Wales"]
[Date "2020.01.26"]
[Round "3.17"]
[White "Haigh, Tony"]
[Black "Sivarajasingam, Shayanna"]
[Result "1-0"]
[WhiteElo "1763"]
[BlackElo "1778"]
[PlyCount "111"]
[EventDate "2019.10.20"]
[EventType "team-tourn"]
[EventRounds "7"]
[EventCountry "WLS"]
[SourceTitle "EXT 2022"]
[Source "ChessBase"]
[SourceDate "2021.10.06"]
[SourceVersion "1"]
[SourceVersionDate "2021.10.06"]
[SourceQuality "1"]
[WhiteTeam "Cardigan"]
[BlackTeam "Cardiff"]
[WhiteTeamCountry "WLS"]
[BlackTeamCountry "WLS"]

1. d4 d5 2. c4 e6 3. Nc3 Nf6 4. cxd5 exd5 5. Qc2 c6 6. Bg5 Be7 7. e3 0-0 8. Bd3 h6 9. Bh4 Nbd7 10. Nge2 Re8 11. 0-0 Ne4 12. Bxe7 Qxe7 13. b4 Qxb4 14. Nxe4 dxe4 15. Bxe4 Nf6 16. Bf3 Be6 17. Nf4 Qd6 18. Nd3 Bf5 19. Qc5 Qxc5 20. Nxc5 Rab8 21. h3 Re7 22. g4 Be4 23. Kg2 b6 24. Nxe4 Nxe4 25. Rfc1 Rc8 26. Rc2 c5 27. Rac1 Rb8 28. Bxe4 Rxe4 29. Kf3 Re6 30. dxc5 Rf6+ 31. Kg3 bxc5 32. Rxc5 Rb2 33. R1c2 Rxc2 34. Rxc2 Ra6 35. h4 Ra4 36. h5 Kf8 37. f4 Ra3 38. Kf3 f6 39. Ke4 Ra5 40. Kd4 Ra3 41. Kd5 Ra5+ 42. Ke6 Kg8 43. Rg2 Kf8 44. e4 Ra4 45. Kf5 Kf7 46. e5 fxe5 47. fxe5 Rb4 48. Rd2 Rb7 49. e6+ Ke8 50. Rd7 Rb5+ 51. Ke4 Rg5 52. Kf4 a6 53. Rf7 a5 54. Rf5 Rxf5+ 55. Kxf5 Ke7 56. Kg6 1-0

[Event "BCF-chT4S 1920 (4NCL)"]
[Site "England"]
[Date "2020.01.11"]
[Round "3.33"]
[White "Sivarajasingam, Shayanna"]
[Black "Amato, Giampiero"]
[Result "1/2-1/2"]
[WhiteElo "1778"]
[BlackElo "2006"]
[PlyCount "202"]
[EventDate "2019.11.09"]
[EventType "team-swiss"]
[EventRounds "11"]
[EventCountry "ENG"]
[SourceTitle "EXT 2022"]
[Source "ChessBase"]
[SourceDate "2021.10.06"]
[SourceVersion "1"]
[SourceVersionDate "2021.10.06"]
[SourceQuality "1"]
[WhiteTeam "Fischer's Catch"]
[BlackTeam "CSC II"]
[WhiteTeamCountry "WLS"]
[BlackTeamCountry "ENG"]

1. e4 e5 2. Nf3 Nf6 3. Nxe5 d6 4. Nf3 Nxe4 5. Nc3 Nxc3 6. dxc3 Be7 7. Bf4 Nc6 8. Qd2 Be6 9. 0-0-0 Qd7 10. Kb1 a6 11. Ng5 Bxg5 12. Bxg5 f6 13. Be3 0-0-0 14. Be2 Qf7 15. a3 Rhe8 16. h3 Kb8 17. Rhe1 Re7 18. f4 Bf5 19. Bf3 Rde8 20. Bd5 Qg6 21. Bb3 Na5 22. Ka1 Nxb3+ 23. cxb3 Bc2 24. Rc1 Bxb3 25. g4 Re4 26. Bf2 Bg8 27. Rxe4 Rxe4 28. Re1 Qf7 29. b4 Rxf4 30. Bd4 b6 31. Bxb6 Kb7 32. Bd4 Qb3 33. Qb2 Qc4 34. Qe2 Qb3 35. Qb2 Qd5 36. Qd2 Rf3 37. Qg2 Rxh3 38. Qxd5+ Bxd5 39. Re7 Rh1+ 40. Kb2 Rh2+ 41. Kc1 Rg2 42. Rxg7 h5 43. Bxf6 hxg4 44. Bd4 Bb3 45. Kb1 Kc6 46. Rg5 Bd5 47. Kc1 Bc4 48. Kb1 d5 49. a4 Bd3+ 50. Kc1 Bc2 51. b5+ axb5 52. axb5+ Kxb5 53. Rxd5+ Kc4 54. Rc5+ Kd3 55. Rxc7 Rh2 56. Re7 Rh1+ 57. Kb2 Rb1+ 58. Ka3 Kc4 59. Rc7+ Kd5 60. Rg7 Bd1 61. Rg5+ Kc4 62. Rc5+ Kd3 63. Rc6 Rb3+ 64. Ka2 Rb7 65. Rb6 Rh7 66. Ka3 Rh5 67. Rg6 Bf3 68. Kb4 Rh1 69. Kc5 Rh3 70. Rg5 g3 71. Rg7 g2 72. Rg5 Ke4 73. Rg7 Rh5+ 74. Kb4 Kf5 75. Kc5 Bg4 76. Re7 Rh1 77. Kb6 Rb1+ 78. Kc5 Rd1 79. Bf2 Rf1 80. Bd4 Rd1 81. Bf2 Kf6 82. Re4 Bf5 83. Re2 Rf1 84. Bd4+ Kf7 85. Rxg2 Rc1 86. Rf2 Ke6 87. Rd2 Rc2 88. Rd1 Bg4 89. Rh1 Rg2 90. Rb1 Bf3 91. Rb4 Rg5+ 92. Kb6 Rg8 93. Rc4 Rb8+ 94. Ka5 Kd5 95. Rc5+ Kd6 96. c4 Rb1 97. Rf5 Be2 98. Rf6+ Ke7 99. c5 Rb5+ 100. Ka4 Rxc5 101. Bxc5+ Kxf6 1/2-1/2

[Event "South Wales New Year op"]
[Site "Bridgend"]
[Date "2020.01.05"]
[Round "4"]
[White "Bevan, Peter M"]
[Black "Sivarajasingam, Shayanna"]
[Result "1-0"]
[WhiteElo "1889"]
[BlackElo "1778"]
[PlyCount "81"]
[EventDate "2020.01.03"]
[EventType "swiss"]
[EventRounds "5"]
[EventCountry "WLS"]
[SourceTitle "EXT 2022"]
[Source "ChessBase"]
[SourceDate "2021.10.06"]
[SourceVersion "1"]
[SourceVersionDate "2021.10.06"]
[SourceQuality "1"]

1. d4 d5 2. Bf4 Nf6 3. e3 c5 4. Nd2 Nc6 5. c3 Qb6 6. Qb3 c4 7. Qc2 g6 8. b3 Bf5 9. Qc1 cxb3 10. axb3 Rc8 11. Qb2 Bg7 12. h3 0-0 13. g4 Bd7 14. Bg2 Rfe8 15. Ngf3 Ne4 16. Nxe4 dxe4 17. Nd2 e5 18. Nc4 Qc7 19. Bg3 b5 20. Na3 Nd8 21. c4 bxc4 22. Nxc4 Qb8 23. Qa3 Rf8 24. 0-0 Bb5 25. Rfc1 f5 26. Nxe5 Rxc1+ 27. Rxc1 Qb7 28. Qd6 Qb6 29. Qxb6 axb6 30. Nc4 fxg4 31. hxg4 Bc6 32. Nxb6 Bb7 33. Rc7 Rf7 34. Rxf7 Kxf7 35. d5 Ba6 36. Bxe4 Be2 37. f3 Bd1 38. b4 Bc3 39. b5 Bb3 40. Nc8 Ba4 41. b6 1-0

[Event "BCF-chT4S 1920 (4NCL)"]
[Site "England"]
[Date "2019.11.09"]
[Round "1.82"]
[White "Chen, Daniel Xingyu"]
[Black "Sivarajasingam, Shayanna"]
[Result "1/2-1/2"]
[WhiteElo "1705"]
[BlackElo "1778"]
[PlyCount "63"]
[EventDate "2019.11.09"]
[EventType "team-swiss"]
[EventRounds "11"]
[EventCountry "ENG"]
[SourceTitle "EXT 2022"]
[Source "ChessBase"]
[SourceDate "2021.10.06"]
[SourceVersion "1"]
[SourceVersionDate "2021.10.06"]
[SourceQuality "1"]
[WhiteTeam "Warwicks Select III"]
[BlackTeam "Fischer's Catch"]
[WhiteTeamCountry "ENG"]
[BlackTeamCountry "WLS"]

1. e4 e6 2. d3 d5 3. Nd2 dxe4 4. Nxe4 Nd7 5. Be3 Ngf6 6. Nxf6+ Nxf6 7. Nf3 Be7 8. Be2 0-0 9. 0-0 b6 10. h3 Bb7 11. Nh2 c5 12. Bf3 Bxf3 13. Qxf3 Qd5 14. Qxd5 Nxd5 15. Bd2 Bf6 16. Rab1 Rfd8 17. Ng4 Be7 18. a3 Rac8 19. Ne3 Nxe3 20. Bxe3 Bf6 21. Rfd1 h6 22. Kf1 Bd4 23. Ke2 Bxe3 24. fxe3 e5 25. Rbc1 Kf8 26. Rd2 Ke7 27. b3 Rd7 28. e4 f6 29. Rf1 Rcd8 30. Rfd1 Rc8 31. Rf1 Rcd8 32. Rb1 1/2-1/2

[Event "Gilbert Cup"]
[Site "Dublin"]
[Date "2019.07.24"]
[Round "5"]
[White "Graham, Cassie M"]
[Black "Sivarajasingam, Shayanna"]
[Result "1-0"]
[WhiteElo "2005"]
[BlackElo "1784"]
[PlyCount "125"]
[EventDate "2019.07.22"]
[EventType "team-tourn"]
[EventRounds "5"]
[EventCountry "IRL"]
[SourceTitle "CBM 191 Extra"]
[Source "ChessBase"]
[SourceDate "2019.09.30"]
[SourceVersion "1"]
[SourceVersionDate "2019.09.30"]
[SourceQuality "1"]
[WhiteTeam "England"]
[BlackTeam "Wales"]
[WhiteTeamCountry "ENG"]
[BlackTeamCountry "WLS"]

1. e4 e6 2. Nf3 d5 3. e5 c5 4. b4 cxb4 5. a3 Nc6 6. d4 bxa3 7. c3 a6 8. Bxa3 Bxa3 9. Nxa3 Nge7 10. Bd3 Bd7 11. 0-0 Ng6 12. Qd2 0-0 13. g3 b5 14. h4 Re8 15. h5 Nf8 16. h6 g6 17. Nc2 Na5 18. Qf4 Nc4 19. Nh2 Bc6 20. Ng4 Nd7 21. Nb4 Bb7 22. Bc2 Qe7 23. Nd3 Ncb6 24. Nc5 Reb8 25. Nf6+ Nxf6 26. exf6 Qe8 27. Qc7 Bc6 28. g4 Nc4 29. Rxa6 Rxa6 30. Nxa6 Rc8 31. Qg3 e5 32. Re1 e4 33. g5 Qd7 34. Bd1 Ra8 35. Nb4 Bb7 36. Be2 Nb6 37. Bg4 Qd8 38. Be2 Qd7 39. Rb1 Nc4 40. Bxc4 bxc4 41. Rb2 Qc8 42. Ra2 Rxa2 43. Nxa2 Bc6 44. Nb4 Bb7 45. Kh2 Qd8 46. Qe5 Kf8 47. Kg3 Ba8 48. Na6 Bb7 49. Qc7 Qa8 50. Qe7+ Kg8 51. Nc7 Qb8 52. Qe8+ Qxe8 53. Nxe8 Kf8 54. Nc7 Bc6 55. Kf4 Bb7 56. Ke5 Bc6 57. Nxd5 Ke8 58. Nb6 Bb5 59. Kxe4 Kd8 60. Kd5 Kc7 61. Nxc4 Bd7 62. Ne5 Be6+ 63. Kc5 1-0

[Event "Gilbert Cup"]
[Site "Dublin"]
[Date "2019.07.23"]
[Round "4"]
[White "Sivarajasingam, Shayanna"]
[Black "Ferguson, Dayna"]
[Result "1/2-1/2"]
[WhiteElo "1784"]
[BlackElo "1624"]
[PlyCount "87"]
[EventDate "2019.07.22"]
[EventType "team-tourn"]
[EventRounds "5"]
[EventCountry "IRL"]
[SourceTitle "CBM 191 Extra"]
[Source "ChessBase"]
[SourceDate "2019.09.30"]
[SourceVersion "1"]
[SourceVersionDate "2019.09.30"]
[SourceQuality "1"]
[WhiteTeam "Wales"]
[BlackTeam "Ireland"]
[WhiteTeamCountry "WLS"]
[BlackTeamCountry "IRL"]

1. e4 c5 2. Nf3 d6 3. Bb5+ Bd7 4. Bxd7+ Nxd7 5. d4 cxd4 6. Qxd4 e5 7. Qe3 Qc7 8. Qc3 Rc8 9. Qxc7 Rxc7 10. Nc3 Ngf6 11. Bg5 a6 12. 0-0 Be7 13. Rac1 b5 14. Bxf6 Nxf6 15. Nd2 Rc5 16. Ne2 0-0 17. f3 Rfc8 18. c3 d5 19. exd5 Rxd5 20. Nb3 Nd7 21. Rfd1 Nb6 22. Rxd5 Nxd5 23. Ng3 g6 24. Ne4 f5 25. Ned2 Bg5 26. c4 Nf4 27. Kf1 Nd3 28. Rc2 Nb4 29. Rc1 Nxa2 30. Rc2 Nb4 31. Rc3 Rd8 32. Ke2 bxc4 33. Nxc4 Nd5 34. Rc2 Nf4+ 35. Kf2 Nd3+ 36. Ke2 e4 37. fxe4 fxe4 38. Nbd2 Nb4 39. Rc3 Re8 40. Rb3 Nd5 41. g3 Re6 42. Rb8+ Kg7 43. Rb7+ Kg8 44. Rb8+ 1/2-1/2

[Event "Gilbert Cup"]
[Site "Dublin"]
[Date "2019.07.22"]
[Round "2"]
[White "Toure, Shanti"]
[Black "Sivarajasingam, Shayanna"]
[Result "1/2-1/2"]
[WhiteElo "1915"]
[BlackElo "1784"]
[PlyCount "89"]
[EventDate "2019.07.22"]
[EventType "team-tourn"]
[EventRounds "5"]
[EventCountry "IRL"]
[SourceTitle "CBM 191 Extra"]
[Source "ChessBase"]
[SourceDate "2019.09.30"]
[SourceVersion "1"]
[SourceVersionDate "2019.09.30"]
[SourceQuality "1"]
[WhiteTeam "France"]
[BlackTeam "Wales"]
[WhiteTeamCountry "FRA"]
[BlackTeamCountry "WLS"]

1. e4 e6 2. d4 d5 3. Nc3 dxe4 4. Nge2 Nd7 5. Nxe4 Ngf6 6. N2g3 Nxe4 7. Nxe4 Nf6 8. Bd3 Be7 9. c3 0-0 10. 0-0 c6 11. Bf4 Nxe4 12. Bxe4 Bd6 13. Qf3 Qc7 14. Bxd6 Qxd6 15. Rad1 Qc7 16. Rd3 f5 17. Re3 fxe4 18. Qxe4 Rf4 19. Qd3 Qf7 20. Rg3 Bd7 21. f3 Rf8 22. Re1 Qf5 23. Qd2 Qf6 24. Re5 Rf5 25. Re4 Be8 26. Qe3 Bf7 27. h4 Re8 28. Rh3 e5 29. g4 Qg6 30. Kh2 Rf4 31. Rxe5 Rxe5 32. Qxe5 Rf6 33. Qb8+ Be8 34. Qxb7 Qc2+ 35. Kg3 Qd3 36. Kf2 Qd2+ 37. Kg3 Qe1+ 38. Kg2 Qe2+ 39. Kg1 Rf8 40. h5 Rxf3 41. Rxf3 Qxf3 42. Qc8 Qf8 43. a3 Qf7 44. Qb8 Qd7 45. Kh2 1/2-1/2

[Event "Olympiad Women-43"]
[Site "Batumi"]
[Date "2018.10.05"]
[Round "11.4"]
[White "Sitoe, Cheila Andre"]
[Black "Sivarajasingam, Shayanna"]
[Result "0-1"]
[WhiteElo "1545"]
[BlackElo "1788"]
[PlyCount "83"]
[EventDate "2018.09.24"]
[EventType "team-swiss"]
[EventRounds "11"]
[EventCountry "GEO"]
[SourceTitle "EXT 2020"]
[Source "ChessBase"]
[SourceDate "2019.10.17"]
[SourceVersion "1"]
[SourceVersionDate "2019.10.17"]
[SourceQuality "1"]
[WhiteTeam "Mozambique (W)"]
[BlackTeam "Wales (W)"]
[WhiteTeamCountry "MOZ"]
[BlackTeamCountry "WLS"]

1. e4 e6 2. Nf3 d5 3. exd5 exd5 4. d4 Bd6 5. Bd3 Nc6 6. 0-0 Nge7 7. c3 Bg4 8. Bg5 f6 9. Bh4 Qd7 10. a4 0-0-0 11. b4 g5 12. Bg3 Bxg3 13. fxg3 h5 14. a5 Nb8 15. b5 c6 16. Qb3 Rdf8 17. Nbd2 Bf5 18. Be2 Ng6 19. bxc6 Nxc6 20. Bb5 Kb8 21. c4 dxc4 22. Qxc4 Be6 23. Qc5 g4 24. Rab1 Rc8 25. Rfc1 Nge7 26. a6 b6 27. d5 Qxd5 28. Qxd5 Bxd5 29. Ne1 Nd4 30. Rxc8+ Rxc8 31. Bd7 Rd8 32. Ba4 Nec6 33. Nd3 Ne2+ 34. Kf2 Nc3 35. Ra1 Nxa4 36. Rxa4 Bxg2 37. Ke3 Bd5 38. Nf4 Bf7 39. Ne4 f5 40. Ng5 Rd7 41. Nxf7 Rxf7 42. Rd4 0-1

[Event "Olympiad Women-43"]
[Site "Batumi"]
[Date "2018.10.02"]
[Round "8.4"]
[White "Sultana, Zakia"]
[Black "Sivarajasingam, Shayanna"]
[Result "1/2-1/2"]
[WhiteElo "1838"]
[BlackElo "1788"]
[PlyCount "81"]
[EventDate "2018.09.24"]
[EventType "team-swiss"]
[EventRounds "11"]
[EventCountry "GEO"]
[SourceTitle "EXT 2020"]
[Source "ChessBase"]
[SourceDate "2019.10.17"]
[SourceVersion "1"]
[SourceVersionDate "2019.10.17"]
[SourceQuality "1"]
[WhiteTeam "Bangladesh (W)"]
[BlackTeam "Wales (W)"]
[WhiteTeamCountry "BAN"]
[BlackTeamCountry "WLS"]

1. d4 d5 2. Nf3 Nf6 3. Bf4 c5 4. e3 Nc6 5. c3 Qb6 6. Qc1 Bf5 7. Nbd2 e6 8. Be2 Be7 9. h3 Rc8 10. 0-0 h6 11. Bh2 0-0 12. Rd1 Rfd8 13. dxc5 Bxc5 14. Nb3 Be7 15. Nbd4 Bh7 16. Bd3 Bxd3 17. Rxd3 Ne4 18. Nxc6 Rxc6 19. Qc2 Bd6 20. Bxd6 Rcxd6 21. Rd4 Nf6 22. Rb4 Qc7 23. Qb3 b6 24. Rd1 Ne4 25. Nd4 Qe7 26. Qc2 f5 27. Qe2 g6 28. g3 Rf8 29. Kg2 Kh7 30. h4 e5 31. Nb5 Rd7 32. f3 Nc5 33. Na3 Qe6 34. c4 dxc4 35. Rxd7+ Qxd7 36. Rxc4 Rd8 37. Rc2 Qe6 38. b3 Kg7 39. Rd2 Rxd2 40. Qxd2 Qd7 41. Qxd7+ 1/2-1/2

[Event "Olympiad Women-43"]
[Site "Batumi"]
[Date "2018.09.27"]
[Round "4.61"]
[White "Sivarajasingam, Shayanna"]
[Black "Li, Joy Ching"]
[Result "1-0"]
[WhiteElo "1788"]
[BlackElo "1137"]
[PlyCount "71"]
[EventDate "2018.09.24"]
[EventType "team-swiss"]
[EventRounds "11"]
[EventCountry "GEO"]
[SourceTitle "EXT 2020"]
[Source "ChessBase"]
[SourceDate "2019.10.17"]
[SourceVersion "1"]
[SourceVersionDate "2019.10.17"]
[SourceQuality "1"]
[WhiteTeam "Wales (W)"]
[BlackTeam "Hong Kong (W)"]
[WhiteTeamCountry "WLS"]
[BlackTeamCountry "HKG"]

1. e4 d5 2. exd5 Nf6 3. Nf3 Nxd5 4. d4 g6 5. c3 Bg7 6. Bd3 b6 7. 0-0 Bb7 8. Re1 0-0 9. Qe2 Nd7 10. a3 e6 11. Be4 Rb8 12. c4 Ne7 13. Bxb7 Rxb7 14. Bg5 Nf6 15. d5 Qc8 16. dxe6 Nf5 17. exf7+ Rxf7 18. Nc3 c5 19. Bxf6 Bxf6 20. Nd5 Bg7 21. Qe8+ Rf8 22. Qxc8 Rxc8 23. g4 Nh6 24. Ne7+ Rxe7 25. Rxe7 Bxb2 26. Ra2 Bf6 27. Rxa7 Nxg4 28. Re2 Rf8 29. h3 Nh6 30. Re6 Bc3 31. Kg2 Ba5 32. Ree7 Nf7 33. Ne5 Nxe5 34. Rg7+ Kh8 35. Rxh7+ Kg8 36. Rag7# 1-0

[Event "Olympiad Women-43"]
[Site "Batumi"]
[Date "2018.09.26"]
[Round "3.28"]
[White "Franco Valencia, Angela Maria"]
[Black "Sivarajasingam, Shayanna"]
[Result "1-0"]
[WhiteElo "2188"]
[BlackElo "1788"]
[PlyCount "101"]
[EventDate "2018.09.24"]
[EventType "team-swiss"]
[EventRounds "11"]
[EventCountry "GEO"]
[SourceTitle "EXT 2020"]
[Source "ChessBase"]
[SourceDate "2019.10.17"]
[SourceVersion "1"]
[SourceVersionDate "2019.10.17"]
[SourceQuality "1"]
[WhiteTeam "Colombia (W)"]
[BlackTeam "Wales (W)"]
[WhiteTeamCountry "COL"]
[BlackTeamCountry "WLS"]

1. e4 e6 2. d4 d5 3. Nc3 dxe4 4. Nxe4 Bd7 5. Nf3 Bc6 6. Bd3 Nd7 7. Qe2 Ngf6 8. Bg5 Be7 9. Ng3 Bxf3 10. Qxf3 c6 11. 0-0 0-0 12. c3 Nd5 13. Bxe7 Qxe7 14. c4 N5f6 15. Rfe1 Qd6 16. Rad1 Rfe8 17. Bc2 h6 18. h3 Qc7 19. Qa3 Rad8 20. Bb1 b6 21. Qc3 Rc8 22. Qf3 b5 23. b3 a6 24. Ne2 Nb6 25. Rc1 Qd7 26. Red1 Red8 27. Nf4 Qe7 28. Qe3 Qb7 29. Nd3 Na8 30. Nc5 Qb6 31. Ne4 Nxe4 32. Qxe4 g6 33. Qf4 Kg7 34. Qe5+ Kh7 35. h4 Qc7 36. Qe2 Kg7 37. h5 Re8 38. hxg6 fxg6 39. Rc3 e5 40. Rg3 Re6 41. Bf5 Rce8 42. Bxe6 Rxe6 43. d5 cxd5 44. cxd5 Re8 45. d6 Qd7 46. Re3 Nb6 47. Rxe5 Rxe5 48. Qxe5+ Kf7 49. Qh8 Ke6 50. Qxh6 Kf6 51. Qf4+ 1-0

[Event "BCF-ch U16"]
[Site "Hull"]
[Date "2018.08.02"]
[Round "5"]
[White "Sivarajasingam, Shayanna"]
[Black "Anilkumar, Anantha P"]
[Result "1/2-1/2"]
[WhiteElo "1780"]
[BlackElo "1903"]
[PlyCount "58"]
[EventDate "2018.07.29"]
[EventType "swiss"]
[EventRounds "7"]
[EventCountry "ENG"]
[SourceTitle "CBM 186 Extra"]
[Source "ChessBase"]
[SourceDate "2018.08.24"]
[SourceVersion "1"]
[SourceVersionDate "2018.08.24"]
[SourceQuality "1"]

1. e4 c5 2. Nf3 d6 3. Bb5+ Bd7 4. Bxd7+ Qxd7 5. 0-0 Nc6 6. c3 Nf6 7. Re1 e6 8. d4 cxd4 9. cxd4 d5 10. e5 Ng8 11. a3 Nge7 12. Nc3 Nc8 13. Be3 Nb6 14. b4 Be7 15. Qd3 0-0-0 16. Nd2 Kb8 17. Nb3 Nc4 18. Nc5 Qc8 19. Reb1 Ka8 20. Qc2 b6 21. Nd3 N4xe5 22. Nxe5 Nxe5 23. dxe5 d4 24. Qe4+ Qb7 25. Qxb7+ Kxb7 26. Bxd4 Rxd4 27. Rd1 Rhd8 28. Kf1 Rxd1+ 29. Nxd1 Rd5 1/2-1/2

[Event "GBR-ch Major 105th"]
[Site "Hull"]
[Date "2018.08.01"]
[Round "5"]
[White "Sivarajasingam, Shayanna"]
[Black "Hussain, Adam"]
[Result "1-0"]
[WhiteElo "1780"]
[BlackElo "1557"]
[PlyCount "62"]
[EventDate "2018.07.28"]
[EventType "swiss"]
[EventRounds "9"]
[EventCountry "ENG"]
[SourceTitle "CBM 185 Extra"]
[Source "ChessBase"]
[SourceDate "2018.07.29"]
[SourceVersion "1"]
[SourceVersionDate "2018.07.29"]
[SourceQuality "1"]

1. e4 b6 2. d4 Bb7 3. Bd3 e6 4. Nf3 c5 5. c3 Nf6 6. Qe2 Be7 7. 0-0 Qc7 8. a3 d6 9. h3 h6 10. Re1 Nbd7 11. e5 Ng8 12. Bf4 g5 13. exd6 Bxd6 14. Bxd6 Qxd6 15. Be4 Bxe4 16. Qxe4 0-0-0 17. Qa8+ Qb8 18. Qxb8+ Kxb8 19. dxc5 Nxc5 20. Ne5 Rf8 21. b4 Na6 22. Nd7+ Kc7 23. Nxf8 Ne7 24. Nxe6+ fxe6 25. Rxe6 Kd7 26. Re2 Nc7 27. c4 Ne6 28. Nc3 Nf4 29. Rd1+ Ke8 30. Re4 Kf7 31. Rd7 Ke8 1-0

[Event "BCF-ch U16"]
[Site "Hull"]
[Date "2018.07.31"]
[Round "3"]
[White "Derakhshani, Borna"]
[Black "Sivarajasingam, Shayanna"]
[Result "1-0"]
[WhiteElo "2315"]
[BlackElo "1780"]
[PlyCount "89"]
[EventDate "2018.07.29"]
[EventType "swiss"]
[EventRounds "7"]
[EventCountry "ENG"]
[SourceTitle "CBM 186 Extra"]
[Source "ChessBase"]
[SourceDate "2018.08.24"]
[SourceVersion "1"]
[SourceVersionDate "2018.08.24"]
[SourceQuality "1"]

1. Nf3 Nf6 2. g3 d5 3. Bg2 e6 4. 0-0 Be7 5. b3 0-0 6. Bb2 a5 7. a3 a4 8. b4 c5 9. bxc5 Bxc5 10. d4 Bd6 11. Nbd2 b5 12. Ne5 Qc7 13. c4 bxc4 14. Ndxc4 Bb7 15. Nxd6 Qxd6 16. Bc3 Rc8 17. Bb4 Qd8 18. Rb1 Nc6 19. Bd2 Ra7 20. Nd3 Ba6 21. Be3 Bxd3 22. Qxd3 Na5 23. Rb4 Nc4 24. Bf4 Nd7 25. e4 Ndb6 26. exd5 exd5 27. Bh3 Rc6 28. Rbb1 Re7 29. Rfe1 Qe8 30. Kf1 h6 31. Rxe7 Qxe7 32. Re1 Qd8 33. Bf5 g6 34. Bg4 Kh7 35. h4 Kg7 36. h5 g5 37. Be5+ Nxe5 38. dxe5 Qe8 39. Qd4 Rc4 40. Qxb6 Rxg4 41. e6 f6 42. Qb7+ Kg8 43. Qd7 Kf8 44. e7+ Kf7 45. Qxg4 1-0

[Event "GBR-ch Major 105th"]
[Site "Hull"]
[Date "2018.07.29"]
[Round "2"]
[White "Anilkumar, Anantha P"]
[Black "Sivarajasingam, Shayanna"]
[Result "1/2-1/2"]
[WhiteElo "1903"]
[BlackElo "1780"]
[PlyCount "51"]
[EventDate "2018.07.28"]
[EventType "swiss"]
[EventRounds "9"]
[EventCountry "ENG"]
[SourceTitle "CBM 185 Extra"]
[Source "ChessBase"]
[SourceDate "2018.07.29"]
[SourceVersion "1"]
[SourceVersionDate "2018.07.29"]
[SourceQuality "1"]

1. d4 d5 2. c4 e6 3. Nc3 Nf6 4. Bg5 Be7 5. e3 0-0 6. Nf3 h6 7. Bh4 Ne4 8. Bxe7 Qxe7 9. Bd3 Nxc3 10. bxc3 dxc4 11. Bxc4 c5 12. 0-0 b6 13. Qe2 Bb7 14. Ne5 Rd8 15. f4 Nd7 16. Nxd7 Rxd7 17. f5 e5 18. f6 gxf6 19. Qg4+ Kh8 20. Qh4 Kg7 21. Qg4+ Kh8 22. Qh4 Kg7 23. d5 Bxd5 24. Bxd5 Rxd5 25. Rf3 e4 26. Rf4 1/2-1/2

[Event "GBR-ch Major 105th"]
[Site "Hull"]
[Date "2018.07.28"]
[Round "1"]
[White "Sivarajasingam, Shayanna"]
[Black "Rice, Christopher"]
[Result "1/2-1/2"]
[WhiteElo "1780"]
[BlackElo "1972"]
[PlyCount "82"]
[EventDate "2018.07.28"]
[EventType "swiss"]
[EventRounds "9"]
[EventCountry "ENG"]
[SourceTitle "CBM 185 Extra"]
[Source "ChessBase"]
[SourceDate "2018.07.29"]
[SourceVersion "1"]
[SourceVersionDate "2018.07.29"]
[SourceQuality "1"]

1. e4 e6 2. d4 a6 3. Nf3 d5 4. e5 Bd7 5. c3 Bb5 6. Bxb5+ axb5 7. Qb3 Qd7 8. Be3 Ne7 9. Na3 c6 10. Nc2 Ra4 11. Nb4 Nc8 12. Nd3 b6 13. a3 Na6 14. Qc2 c5 15. 0-0 c4 16. Nb4 Nxb4 17. axb4 Qa7 18. Rxa4 bxa4 19. Ra1 b5 20. Nd2 Be7 21. Nb1 Kd7 22. Na3 Kc6 23. f4 f5 24. Qf2 Bd8 25. g3 Nb6 26. Rf1 Qf7 27. Qf3 h6 28. Kf2 g5 29. Ke2 Qg6 30. Kd2 g4 31. Qg2 h5 32. Kc2 h4 33. Qe2 hxg3 34. hxg3 Rh3 35. Rg1 Qh7 36. Rg2 Na8 37. Bg1 Nc7 38. Bh2 Be7 39. Kb1 Na6 40. Qd2 Kb6 41. Nc2 Nb8 1/2-1/2

[Event "South Wales op 15th"]
[Site "Cardiff"]
[Date "2018.07.10"]
[Round "6"]
[White "Fathallah, Joe"]
[Black "Sivarajasingam, Shayanna"]
[Result "1-0"]
[WhiteElo "1990"]
[BlackElo "1780"]
[PlyCount "89"]
[EventDate "2018.07.07"]
[EventType "swiss"]
[EventRounds "9"]
[EventCountry "WLS"]
[SourceTitle "EXT 2019"]
[Source "ChessBase"]
[SourceDate "2018.10.10"]
[SourceVersion "1"]
[SourceVersionDate "2018.10.10"]
[SourceQuality "1"]

1. d4 Nf6 2. c4 e6 3. Nc3 Bb4 4. Qc2 d5 5. cxd5 exd5 6. Bg5 c5 7. Nf3 h6 8. Bxf6 Qxf6 9. e3 Bf5 10. Qb3 Bxc3+ 11. bxc3 Qb6 12. Bb5+ Bd7 13. Bxd7+ Nxd7 14. Qxd5 Nf6 15. Qe5+ Qe6 16. Qxc5 Qc8 17. Qb5+ Qd7 18. Qxd7+ Kxd7 19. Ne5+ Ke6 20. f3 Nd5 21. Kd2 f6 22. Nd3 Rac8 23. Rhc1 b6 24. e4 Nc7 25. c4 Rhd8 26. d5+ Ke7 27. Nb4 Rd7 28. c5 bxc5 29. Rxc5 Re8 30. Rac1 Ne6 31. Rc6 Nf4 32. g3 Ng6 33. Re6+ Kf7 34. Rxe8 Kxe8 35. Nc6 Rb7 36. f4 a6 37. Kc3 Rb5 38. a4 Rb7 39. Rc2 Kd7 40. Kd4 h5 41. e5 fxe5+ 42. fxe5 Ne7 43. Nxe7 Kxe7 44. d6+ Ke8 45. Rc8+ 1-0